キャラクター世界総収益ランキング - Statistics

General Stats
  • This quiz has been taken 111 times
  • The average score is 6 of 25
Answer Stats
Rank 総収益
〔億ドル〕
キャラクター % Correct
3 750 ミッキーマウス
80%
1 921 ポケットモンスター
67%
2 800 ハローキティ
67%
8 361 スーパーマリオ
66%
20 205 ワンピース
48%
15 240 ドラゴンボール
47%
6 602 アンパンマン
42%
12 270 スパイダーマン
32%
24 174 ピーナッツ / スヌーピー
30%
4 705 クマのプーさん
28%
10 308 ハリーポッター
28%
11 291 マーベル・シネマティック・ユニバース
18%
14 264 バットマン
14%
19 207 トイ・ストーリー
13%
5 656 スターウォーズ
11%
9 341 少年ジャンプ
10%
13 264 ガンダム
10%
7 451 ディズニープリンセス
8%
16 240 バービー
6%
17 218 北斗の拳
5%
18 217 カーズ
5%
22 199 ジェームズ・ボンド / 007
4%
21 199 ロード・オブ・ザ・リング
3%
23 198 遊戯王
3%
25 172 トランスフォーマー
3%
No matching quizzes found
Score Distribution
Percent of People with Each Score
Percentile by Number Answered
Your Score History
You have not taken this quiz